000
00379nam a2200133Ia 4500
008
151001s9999||||xx |||||||||||||| ||und||
100
_a
नर्मदा इंदूरखा
245
_a
स्कूल चले हम
250
_a
1
260
_b
राकेश साहित्य भांडार
260
_c
2008
300
_a
16
365
_b
21
999
_c
992547
_d
992544